| 000 | 00638nam a2200181Ia 4500 | ||
|---|---|---|---|
| 008 | 100921s9999 xx 000 0 und d | ||
| 082 |
_b18253 _a040 0 |
||
| 100 | _aपानतवणे गंगाधर. | ||
| 245 | _aवादळाचे वंशज. | ||
| 260 |
_bप्रचार प्रकाशन, कोल्हापूर. _c0 |
||
| 300 |
_a134 _b--- |
||
| 365 | _b30 | ||
| 520 | _aसंकीर्ण-लेख,निबंध. | ||
| 630 | _aवादळाचे वंशज. | ||
| 650 | _aसंकीर्ण-लेख,निबंध. | ||
| 730 | _aवादळाचे वंशज. | ||
| 942 | _cBOOK | ||
| 999 |
_c767366 _d767363 |
||